000 00261nam a22001337a 4500
020 _a012654
041 _aENG
100 _aData .T
245 _aGraduate Engineers'Associatation
260 _apune
_bpune
_c1994
300 _a30
650 _aGAE
856 _uGAE
999 _c310
_d310